اعلام ثورة 25 يناير / (Record no. 61195)
[ view plain ]
| 000 -الفاتح | |
|---|---|
| حقل البيانات ثابتة الطول | 00960nam a22002537a 4500 |
| 005 - وقت وتاريخ اخر تعامل مع التسجيلة | |
| رقم الضبط | 20240530110448.0 |
| 008 - عناصر البيانات ثابتة الطول - معلومات عامة | |
| حقل البيانات ثابتة الطول | 150502s2012 ua f b 000 0 ara d |
| 017 ## - رقم الايداع القانونى | |
| رقم الايداع القانونى | 2012/2499 |
| المصدر ( الهيئة المختصة) | مصر . دار الكتب المصرية |
| 020 ## - الرقم الدولى المعيارى للكتب | |
| الرقم الدولى المعيارى للكتاب | 9789774951008 |
| 040 ## - مصدر الفهرسة | |
| وكالة الفهرسة الأصلية | EG-CaGPL |
| 082 04 - رقم تصنيف ديوى العشرى | |
| رقم الطبعة | 21 |
| رقم التصنيف | 303.42 |
| رقم المادة | ق/ش إ |
| 100 0# - المدخل الرئيسى - إسم شخصى | |
| الإسم الشخصى | شريف درويش اللبان |
| 245 10 - بيان العنوان | |
| العنوان | اعلام ثورة 25 يناير / |
| بيان المسئوليه,etc | شريف درويش اللبان |
| 250 ## - بيان الطبعة | |
| بيان الطبعة | ط1 |
| 260 ## - PUBLICATION, DISTRIBUTION, ETC. (IMPRINT) | |
| تاريخ النشر أو التوزيع | 2012 . |
| 300 ## - الوصف المادى | |
| التعداد | 546 ص ؛ |
| أبعاد الوعاء | 24 سم |
| 490 0# - بيان السلسلة | |
| عنوان السلسلة | سلسلة اتجاهات حديثة فى الاعلام |
| 504 ## - تبصرة ببليوجرافية | |
| تبصرة ببليوجرافية,الخ | يشتمل على ارجاعات ببليوجرافية |
| 650 04 - المدخل الاضافى بالموضوع-مصطلح موضوعى | |
| مصطلح موضوعي | التغير الاجتماعى |
| 650 04 - المدخل الاضافى بالموضوع-مصطلح موضوعى | |
| مصطلح موضوعي | الثوار |
| التقسيم الفرعي الجغرافي | مصر |
| 651 04 - المدخل الاضافى بالموضوع - اسم جغرافى | |
| الاسم الجغرافي | مصر |
| التقسيم الفرعي العام | تاريخ |
| التقسيم الفرعي الزمني | العصر الحديث |
| -- | ثورة 25 يناير |
| 942 ## - عناصر المدخل الإضافي( كوها) | |
| مصدر التصنيف او مخطط الترفيف | Dewey Decimal Classification |
| Koha [default] item type | كتاب |
| 260 ## - PUBLICATION, DISTRIBUTION, ETC. (IMPRINT) | |
| -- | القاهرة : |
| -- | دار العالم العربى ، |
| حالة التراجع | حالة الفقد | حالة تلف | ليس للاعارة | المكان المؤقت | الموقع الحالى | تاريخ الاكتساب | اجمالي اﻻعارات | رقم الطلب | الباركود | تاريخ اخر مشاهدة | تاريخ تفعيل السعر | نوع وعاء كوها |
|---|---|---|---|---|---|---|---|---|---|---|---|---|
| مكتبة القاهرة الكبرى | مكتبة القاهرة الكبرى | 05/02/2015 | 303.42 ق/ش إ | 160427 | 05/02/2015 | 05/02/2015 | كتاب |

